000 004960000a22001810004500
003 MACL
005 20160210105723.0
008 160210b xxu||||| |||| 00| 0 eng d
040 _aMACL
_cMACL
041 _aHindi
082 _a294
100 _aपाठक डा. शोभनाथ
_937555
245 _aभगवान महावीर
260 _bपाठक प्रकाशक
_c1984
_aभौपाल
350 _a60
650 _aReligion
_937556
942 _cHIN
_k294
_2ddc
999 _c28352
_d28352